| 000 | 00812nam0a22002411 4500 | ||
|---|---|---|---|
| 001 | rc\3619974 | ||
| 005 | 20130115144153.5 | ||
| 035 | _a(NLR Aleph) 007717182 | ||
| 090 |
_a6911490 _c6911490 |
||
| 100 | _a20130115d1969 |||y0rusy50 ca | ||
| 101 | 0 | _arus | |
| 102 | _aRU | ||
| 105 | _ay z ||||| | ||
| 200 | 1 |
_aМетодика обучения радиотелеграфистов _fКиевское высш. воен. инж. дважды краснознам. училище связи им. М.И. Калинина |
|
| 210 |
_aКиев _cБ. и. _d1969 |
||
| 215 |
_a136 с. _d20 |
||
| 333 | _aДля внутриведомств. продажи | ||
| 700 | 1 |
_aМалышкин _bИ. С. |
|
| 801 | 0 |
_aRU _bNLR _gpsbo |
|
| 801 | 1 |
_aRU _bELAR _2rusmarc |
|
| 852 |
_aNLR _j50К/22963 |
||
| 942 | _cBOOK | ||
| 980 | _aNB | ||